000
00202 a2200097 4500
001
30264
100
_a
Sagan
245
_a
Aimez Vous Brahms
260
_a
London
_b
John Murray
_c
090
_c
20207
_d
20207
942
_a
NUST-CAE
_c
M
_c
11345
999
_c
265337
_d
265337